000 00440nam a2200157 4500
001 109210
003 ES-MaACL
005 20230906184811.0
007 t|
008 061121s1982 sp r ||||1| spa d
245 0 0 _aMiscelánea de arte.
260 _aMadrid :
_bInstituto Diego Velázquez,
_c1982.
300 _a284 p., 28 lám. :
_bil. ;
_c28 cm.
710 2 _aInstituto Diego Velázquez.
_95021
852 _aES-MaACL
_jL-4759
_bR.104015
999 _c109210
_d109210